| 000 | 006880000a22002290004500 | ||
|---|---|---|---|
| 003 | LK-CoMWRAF | ||
| 005 | 20231106152329.0 | ||
| 008 | 230817t2004 ||||| |||| 00| 0 eng d | ||
| 020 | _a8170492114 | ||
| 040 |
_aLK-CoMWRAF _dLK-CoMWRAF _eLK-CoMWRAF |
||
| 041 | _aeng | ||
| 082 |
_a923 _bGAR |
||
| 100 | _aGarg, Vivek | ||
| 245 |
_aManmohanomics, journey to South Block : _blife of an Indian prime minister |
||
| 260 |
_aNew Delhi: _bManas Publications, _c2004 |
||
| 300 |
_a256 p. : ill. ; 28 cm. _bIndex included |
||
| 650 | _aMANMOHAN SINGH | ||
| 650 | _aPrime ministers--India--Biography | ||
| 650 | _aIndia--Politics and government | ||
| 700 | _aMishra, Ravish | ||
| 942 | _cBK | ||
| 999 |
_c2152 _d2152 |
||